000 00610nam a2200229Ia 4500
001 16135
003 GE_BSU
008 181216s||||||||xx |||||||||||||| ||und||
020 _a9780596805524
040 _cGE_BSU
080 _a004.4
100 _aFlanagan,David
245 _aJavaScript: the Definitive Guide
250 _asixth edition
260 _c2011
300 _a1078p.23cm.
541 _h110 L.
653 _aJavaScript: the definitive Guide
653 _aინფორმატიკა
653 _aსაინფორმაციო ტექნოლოგიები
942 _cBK
999 _c49223
_d49223